|
|
|
|
| LEADER |
00000naa2a2200000 4500 |
| 001 |
140759 |
| 005 |
20231031142143.0 |
| 035 |
|
|
|a (RuTPU)RU\TPU\book\152507
|
| 090 |
|
|
|a 140759
|
| 100 |
|
|
|a 20080708d2005 k y0rusy50 ca
|
| 101 |
0 |
|
|a rus
|
| 102 |
|
|
|a RU
|
| 200 |
1 |
|
|a Способы и процедуры реформирования предприятия в условиях кризиса
|f С. К. Дащинская
|
| 320 |
|
|
|a Библиогр.: 3 назв.
|
| 461 |
|
1 |
|0 (RuTPU)RU\TPU\book\107328
|t Энергия молодых - экономике России
|o труды VI Всероссийской научно-практической конференции студентов и молодых ученых, Томск, 19-22 апреля 2005 г.
|o в 2 ч.
|f Томский политехнический университет; Вольное экономическое общество России
|d 2005-
|
| 463 |
|
0 |
|0 (RuTPU)RU\TPU\book\73344
|t Ч. 1
|v С. 282-284
|d 2005
|
| 610 |
1 |
|
|a предприятия
|
| 610 |
1 |
|
|a реформирование
|
| 610 |
1 |
|
|a кризисы
|
| 610 |
1 |
|
|a эффективность
|
| 610 |
1 |
|
|a труды учёных ТПУ
|
| 700 |
|
1 |
|a Дащинская
|b С. К.
|
| 801 |
|
1 |
|a RU
|b 63413507
|c 20080708
|g PSBO
|
| 801 |
|
2 |
|a RU
|b 63413507
|c 20161003
|g RCR
|
| 942 |
|
|
|c BK
|